| 000 | 00383nam a22001337a 4500 | ||
|---|---|---|---|
| 020 | _a9789690014849 | ||
| 040 | _cNUST | ||
| 082 | _a297.63 SID | ||
| 100 |
_aSiddiqui, Muhammad Abdul Majeed _988350 |
||
| 245 | _aSeerat-un-Nabi Bad Az Wisal-un-Nabi (vol-4) | ||
| 260 |
_aLAHORE: _bFerozsons, _c1998. |
||
| 650 |
_aIslam-Biography-Muhammad Peace be upon him _959181 |
||
| 942 |
_2ddc _cBK |
||
| 999 |
_c587587 _d587587 |
||